000 00291nam a22001337a 4500
008 211012b ||||| |||| 00| 0 eng d
041 _aeng
080 _26th
_a159.9
082 _a159.9
100 _a48
101 _aPSI
245 _aThe Personality Puzzle
_cFunder,D.C
942 _2udc
_cBK
999 _c58169
_d58169